000
00315pab a2200145 454500
008
180718b2005 xxu||||| |||| 00| 0 eng d
100
_a
Agrawal, Anurag
245
_a
Regional rural banks
260
_c
2005
300
_a
p.20-23.
362
_a
July
650
_a
Banks
773
_a
Kurukshetra
909
_a
65926
999
_c
65926
_d
65926